=LDR 00000nam 2200000 4500 =001 INLIS000000000059404 =005 20211111015236 =035 ##$$a 0010-1121000141 =007 ta =008 211111###########################0#ind## =020 ##$$a 979-421-180-x =082 ##$$a 350 =084 ##$$a 350 Mif d =245 1#$$a Dimensi - Dimensi Prima Ilmu Administrasi Negara /$c Miftah Thoha =250 ##$$a cet 7 =300 ##$$a 281 halaman : $b ilustrasi ; $c 20 cm =650 #4$$a Administrasi Negara =264 ##$$a Jakarta :$b Rajawali Press,$c 2002 =336 ##$$a teks$2 rdacontent =337 ##$$a lain-lain$2 rdamedia =338 ##$$a lain-lain$2 rdacarrier =990 ##$$a 28442844